| 000 | 00708cam a22002294a 4500 | ||
|---|---|---|---|
| 008 | |||
| 020 | _a0717126684 (pbk.) | ||
| 049 | _aMAIN | ||
| 090 |
_aHD58.7 _bPRI |
||
| 245 | 0 | 0 |
_aPrinciples of organisational behaviour : _ban Irish text / _cMichael Morley ... [et al] |
| 260 |
_aDublin : _bGill & Macmillan, _cc1998. |
||
| 300 |
_axi, 368 p. : _bill. ; _c25 cm. |
||
| 504 | _aIncludes bibliographical references. | ||
| 500 | _aIncludes index. | ||
| 650 | 0 |
_aOrganizational behavior _zIreland. |
|
| 700 | 1 | _aMorley, Michael. | |
| 907 |
_a.b1028137x _b19-03-13 _c26-08-10 |
||
| 003 | |||
| 005 | 20230123125038.0 | ||
| 040 | _cNUST | ||
| 942 |
_cBOOKS _kHD58.7 _mPRI |
||
| 999 |
_c134758 _d134758 |
||